000
00332nam a22001457a 4500
008
210311b ||||| |||| 00| 0 eng d
020
_a
047026389X
041
_a
eng
080
_2
2nd
_a
541
082
_a
541
100
_a
12
101
_a
KIM
245
_a
Membranes and their Cellular Functions
_c
Fineam, J. B
942
_2
udc
_c
BK
999
_c
56405
_d
56405